000 00678nam a2200229Ia 4500
008 240619s9999 xx 000 0 und d
020 _a99973-62-40-3
035 _a5615
040 _aGS0142000
_bmon
_cMN-UlNLM
_dMN-UlNLM
_erda
041 _amon
042 _a9099
084 _2NNA
_a82.3(7Ану)
_bК-60
100 _aКоллоди К., Милн А.
245 0 _aПиноккио Питер пэн
264 _aУлаанбаатар
_bХөх дэвтэр хэвлэлийн газар
_c2016
300 _a374х.
336 _2rdacontent
_atext
_btxt
337 _2rdamedia
_aunmediated
_bn
338 _2rdacarrier
_avolume
_bnc
490 _v4
942 _2NNA
_cBK
999 _c900367
_d900424